Del romanticismo al novecentismo (Record no. 402)

MARC details
000 - LÍDER
campo de control de longitud fija 00808nam a2200181Ia 4500
008 - ELEMENTOS DE DATOS DE LONGITUD FIJA - INFORMACIÓN GENERAL
campo de control de longitud fija 0000001999 sp a 0000000000spa00
020 ## - INTERNATIONAL STANDARD BOOK NUMBER
International Standard Book Number 8492313455
090 ## - NÚMERO DE LLAMADA DE TIPO LC LOCALMENTE ASIGNADO (OCLC)
Número de clasificación (OCLC) (R) PSP00 D24
245 10 - TÍTULO DECLARACIÓN
Título Del romanticismo al novecentismo
Resto del título : cien años de pintura española
Declaración de responsabilidad / Fundación Santander Central Hispano
260 ## - PUBLICACIÓN, DISTRIBUCIÓN
Lugar de publicación Granada : Instituto de América de Santa Fe
Fecha de publicación 1999
300 ## - DESCRIPCIÓN FÍSICA
Alcance 97 p.
Dimensiones / 30 cm.
500 ## - NOTA GENERAL
Nota general Exposición realizada en el Instituto de América de Santa Fé, Octubre Noviembre, 1999 \ Con el patronazgo del maestro venezolano Jesús Rafael Soto (q.e.p.d.)
610 ## - ENTRADA DE SUJETO AÑADIDO - NOMBRE CORPORATIVO
Nombre corporativo o nombre de jurisdicción como elemento de entrada BANCO SANTANDER CENTRAL HISPANO/
Subdivisión general COLECCIONES DE ARTE
650 14 - ENTRADA DE SUJETO AÑADIDO - TÉRMINO TÓPICO
Término tópico o elemento de entrada del nombre geográfico PINTURA MODERNA ESPAÑOLA
650 14 - ENTRADA DE SUJETO AÑADIDO - TÉRMINO TÓPICO
Término tópico o elemento de entrada del nombre geográfico COLECCIONES PRIVADAS DE ARTE ESPAÑA
650 14 - ENTRADA DE SUJETO AÑADIDO - TÉRMINO TÓPICO
Subdivisión general EXPOSICIONES
650 14 - ENTRADA DE SUJETO AÑADIDO - TÉRMINO TÓPICO
Término tópico o elemento de entrada del nombre geográfico SIGLOS XIXXX
Holdings
Estado de retirada Pérdida de estatus Estado dañado No para préstamo Código de recogida Ubicación permanente Ubicación actual Ubicación de las estanterías Fecha de adquisición Número de llamada completo Código de barras Fecha de la última vez que se vio Número de copia Precio efectivo desde Tipo de artículo Koha
        General ArtNexus ArtNexus General 06/09/2022 P-SP-00 D24 402 06/09/2022 Ej.1 06/09/2022 Libro

Powered by Koha